Movies Quiz

Random Movies or Disney Quiz

Disney by Category Quiz Stats

 Plays Quiz Updated Nov 1, 2018

Support Sporcle.
Go Orange.
Score 0/60 Timer 09:00
9 Plays Today
% Correct
Tigger
81.2%
Abu
78.4%
Christopher Robin
73.7%
Baloo
72%
Rafiki
68.9%
Mowgli
67.2%
Thumper
66.5%
Owl
66.3%
Rabbit
60.7%
Jafar
60.3%
King Louie
55.5%
White Rabbit
54.1%
Zazu
54%
Rajah
52.8%
Jiminy Cricket
52.6%
Iago
51.1%
Jaq & Gus
51.1%
Pegasus
49.8%
Kaa
49.2%
Mushu
49.1%
Shere Khan
48.5%
Little John
46.9%
Triton
46.5%
Nana
45%
Dinah & Cheshire Cat
42.1%
Scuttle
41.8%
Arthur
39.4%
Flit
36.7%
Si & Am
36.6%
Richard
36%
% Correct
Maleficent
35.7%
Lucifer
34.8%
Tod
32.5%
Max
29.2%
Copper & Chief
28.6%
Sir Hiss
28.5%
Dormouse
26.6%
Judy Hopps
26%
Archimedes
23.6%
Kenai & Koda
23.2%
Maximus
22%
Figaro & Gideon
21.5%
Br'er Bear
21.5%
Caterpillar
21%
Penny
21%
Timothy Mouse
20.6%
Br'er Fox
19.7%
Madam Mim
16.2%
Bruno
15.8%
Ray
15.3%
Big Mama
14.9%
Nick Wilde
14.7%
Stefan & Hubert
13.9%
Honest John
11%
Elliott
10.9%
Cody
8%
Friend Owl
6.1%
Evinrude
6.1%
Captain
5.9%
Samson
5.8%

You're not logged in!

Compare scores with friends on all Sporcle quizzes.
OR
Log In

From the Vault

Most Goals Scored for EPL-Winning Teams

by Supermow

You know I'm always a soccer for a good pun.
Remove Ads.
Support Sporcle.
Get the best of Sporcle when you Go Orange. This ad-free experience offers more features, more stats, and more fun while also helping to support Sporcle. Thank you for becoming a member.

Show Comments

Extras

Top Quizzes Today


Score Distribution

Your Account Isn't Verified!

In order to create a playlist on Sporcle, you need to verify the email address you used during registration. Go to your Sporcle Settings to finish the process.

Report this User

Report this user for behavior that violates our Community Guidelines.

Details: